Estatísticas para Países da África - Em 1 minuto

Clique aqui para jogar o quiz

Estatísticas Gerais

  • Esse quiz foi jogado 745 vezes
  • A pontuação média é 24 de 54

Respostas no mapa

Respostas codificadas por cores de uma escala verde-vermelha no mapa do quiz de acordo com a % correta abaixo.
 

Estatísticas das Respostas

País% Correto
Egito
83%
Argélia
81%
Marrocos
76%
Sudão
75%
Líbia
69%
Mali
69%
Niger
67%
Tunísia
67%
Angola
66%
República Democrática
do Congo
66%
República do Congo
66%
África do Sul
63%
Chade
61%
Nigéria
60%
Etiópia
56%
Gana
55%
Somália
55%
Guiné
53%
Madagascar
51%
Sudão do Sul
50%
Mauritânia
47%
Lesoto
45%
Gambia
44%
Senegal
44%
Togo
44%
Moçambique
43%
Benim
41%
Eritréia
41%
Zâmbia
41%
Namíbia
40%
Camarões
39%
Quênia
39%
Gabão
38%
Uganda
35%
Libéria
34%
Botswana
33%
Zimbábue
33%
Cabo Verde
32%
Ruanda
32%
Malawi
31%
Guiné-Bissau
30%
Burundi
29%
Tanzânia
29%
Serra Leoa
28%
Comores
26%
Djibouti
26%
Seychelles
25%
Burkina Faso
24%
Costa do Marfim
23%
Mauricía
23%
Suazilândia
23%
República
Centro-Africana
22%
Guiné Equatorial
21%
São Tomé e Príncipe
18%

Distribuição das Pontuações

Percentil de Números Respondidos

Porcentagem de Pessoas com Cada Pontuação

Sua Pontuação Histórica

Você não jogou esse quiz